Former Clubs Of Current Barcelona Players - Statistics

General Stats
  • This quiz has been taken 532 times
  • The average score is 11 of 16
Answer Stats
Player Former Club % Correct
Gerard Pique Manchester United
91%
Luis Suarez Liverpool
87%
Neymar Santos
87%
Ivan Rakitic Sevilla
77%
Jasper Cillessen Ajax
76%
Javier Mascherano Liverpool
73%
Samuel Umtiti Lyon
73%
Marc-André ter Stegen Monchengladbach
72%
Jordi Alba Valencia
72%
Arda Turan Atletico Madrid
69%
Paco Alcacer Valencia
58%
Aleix Vidal Sevilla
52%
Andre Gomes Valencia
51%
Jérémy Mathieu Valencia
49%
Lucas Digne Paris SG
47%
Denis Suarez Villarreal
33%
No matching quizzes found
Score Distribution
Percent of People with Each Score
Percentile by Number Answered
Your Score History
You have not taken this quiz